000
00300nam a22001337a 4500
008
180117b xxu||||| |||| 00| 0 eng d
020
_a
9781308498287
041
_a
eng
080
_a
37
100
_a
46
101
_a
EDU
245
_a
MORAINE PARK TECHNICAL COLLEGE
_c
JOHN.W.S
942
_2
udc
_c
BK
999
_c
40391
_d
40391